<?xml version="1.0" encoding="UTF-8"?>
<record
    xmlns:xsi="http://www.w3.org/2001/XMLSchema-instance"
    xsi:schemaLocation="http://www.loc.gov/MARC21/slim http://www.loc.gov/standards/marcxml/schema/MARC21slim.xsd"
    xmlns="http://www.loc.gov/MARC21/slim">

  <leader>01696cam a2200421 i 4500</leader>
  <datafield tag="952" ind1=" " ind2=" ">
    <subfield code="0">0</subfield>
    <subfield code="1">0</subfield>
    <subfield code="2">ddc</subfield>
    <subfield code="4">0</subfield>
    <subfield code="7">0</subfield>
    <subfield code="8">LIT</subfield>
    <subfield code="a">MES</subfield>
    <subfield code="b">MES</subfield>
    <subfield code="c">HIN</subfield>
    <subfield code="d">2019-10-26</subfield>
    <subfield code="g">250.00</subfield>
    <subfield code="l">0</subfield>
    <subfield code="o">891.43 SIN/B</subfield>
    <subfield code="p">40698</subfield>
    <subfield code="r">2019-10-26 00:00:00</subfield>
    <subfield code="w">2019-10-26</subfield>
    <subfield code="y">BK</subfield>
    <subfield code="z">GR6R4</subfield>
  </datafield>
  <datafield tag="999" ind1=" " ind2=" ">
    <subfield code="c">40672</subfield>
    <subfield code="d">40672</subfield>
  </datafield>
  <controlfield tag="001">19652067</controlfield>
  <controlfield tag="003">OSt</controlfield>
  <controlfield tag="005">20200606120107.0</controlfield>
  <controlfield tag="008">170127s2015    ii            000 0 hino </controlfield>
  <datafield tag="010" ind1=" " ind2=" ">
    <subfield code="a">  2017323585</subfield>
  </datafield>
  <datafield tag="020" ind1=" " ind2=" ">
    <subfield code="a">9788188904723 (hardback)</subfield>
  </datafield>
  <datafield tag="025" ind1=" " ind2=" ">
    <subfield code="a">I-H-2017-323585; 12</subfield>
  </datafield>
  <datafield tag="035" ind1=" " ind2=" ">
    <subfield code="a">(IN-NdSP)  2017323585</subfield>
  </datafield>
  <datafield tag="037" ind1=" " ind2=" ">
    <subfield code="b">Library of Congress -- New Delhi Overseas Office</subfield>
  </datafield>
  <datafield tag="040" ind1=" " ind2=" ">
    <subfield code="a">DLC</subfield>
    <subfield code="b">eng</subfield>
    <subfield code="e">rda</subfield>
    <subfield code="c">MESKC library</subfield>
    <subfield code="d">DLC</subfield>
  </datafield>
  <datafield tag="042" ind1=" " ind2=" ">
    <subfield code="a">lcode</subfield>
    <subfield code="a">pcc</subfield>
  </datafield>
  <datafield tag="050" ind1="0" ind2="0">
    <subfield code="a">PK2659.A44</subfield>
    <subfield code="b">P537 2015</subfield>
  </datafield>
  <datafield tag="082" ind1=" " ind2=" ">
    <subfield code="a">891.43</subfield>
    <subfield code="b">SIN/B</subfield>
  </datafield>
  <datafield tag="100" ind1="1" ind2=" ">
    <subfield code="a">Si&#x1E43;ha, M&#x12B;n&#x101;ksh&#x12B; Jayaprak&#x101;&#x15B;a,</subfield>
    <subfield code="d">1984-</subfield>
    <subfield code="e">author.</subfield>
    <subfield code="9">114</subfield>
  </datafield>
  <datafield tag="245" ind1="1" ind2="0">
    <subfield code="a">Bh&#x101;rata vibh&#x101;jana k&#x12B; tr&#x101;sad&#x12B; aura "Pi&#xF1;jara" /</subfield>
    <subfield code="c">&#x1E0C;&#xF4;. M&#x12B;n&#x101;ksh&#x12B; Jayaprak&#x101;&#x15B;a Si&#x1E43;ha = Bharat vibhajan ki traasadi aur "Pinjar" / by Dr. Minakshi Jay Prakash Singh.</subfield>
  </datafield>
  <datafield tag="246" ind1="3" ind2="0">
    <subfield code="a">"Pi&#xF1;jara"</subfield>
  </datafield>
  <datafield tag="246" ind1="3" ind2="1">
    <subfield code="a">Bharat vibhajan ki traasadi aur "Pinjar"</subfield>
  </datafield>
  <datafield tag="250" ind1=" " ind2=" ">
    <subfield code="a">Prathama sa&#x1E43;smara&#x1E47;a.</subfield>
  </datafield>
  <datafield tag="264" ind1=" " ind2="1">
    <subfield code="a">Kolak&#x101;t&#x101; :</subfield>
    <subfield code="b">&#x100;nanda Prak&#x101;&#x15B;ana,</subfield>
    <subfield code="c">2015.</subfield>
  </datafield>
  <datafield tag="300" ind1=" " ind2=" ">
    <subfield code="a">103 pages ;</subfield>
    <subfield code="c">22 cm</subfield>
  </datafield>
  <datafield tag="336" ind1=" " ind2=" ">
    <subfield code="a">text</subfield>
    <subfield code="b">txt</subfield>
    <subfield code="2">rdacontent</subfield>
  </datafield>
  <datafield tag="337" ind1=" " ind2=" ">
    <subfield code="a">unmediated</subfield>
    <subfield code="b">n</subfield>
    <subfield code="2">rdamedia</subfield>
  </datafield>
  <datafield tag="338" ind1=" " ind2=" ">
    <subfield code="a">volume</subfield>
    <subfield code="b">nc</subfield>
    <subfield code="2">rdacarrier</subfield>
  </datafield>
  <datafield tag="520" ind1=" " ind2=" ">
    <subfield code="a">Study of the depiction of impact of partition of India on women in Pi&#xF1;jara, Panjabi novel by Amrita Pritam, 1919-2005, Panjabi and Hindi authoress.</subfield>
  </datafield>
  <datafield tag="546" ind1=" " ind2=" ">
    <subfield code="a">In Hindi.</subfield>
  </datafield>
  <datafield tag="600" ind1="0" ind2="0">
    <subfield code="a">Amrita Pritam,</subfield>
    <subfield code="d">1919-2005.</subfield>
    <subfield code="t">Pi&#xF1;jara.</subfield>
  </datafield>
  <datafield tag="650" ind1=" " ind2="0">
    <subfield code="a">Partition, Territorial, in literature.</subfield>
  </datafield>
  <datafield tag="650" ind1=" " ind2="0">
    <subfield code="a">Women in literature.</subfield>
  </datafield>
  <datafield tag="651" ind1=" " ind2="0">
    <subfield code="a">India</subfield>
    <subfield code="x">In literature.</subfield>
  </datafield>
  <datafield tag="906" ind1=" " ind2=" ">
    <subfield code="a">7</subfield>
    <subfield code="b">cbc</subfield>
    <subfield code="c">origode</subfield>
    <subfield code="d">3</subfield>
    <subfield code="e">ncip</subfield>
    <subfield code="f">20</subfield>
    <subfield code="g">y-gencatlg</subfield>
  </datafield>
  <datafield tag="942" ind1=" " ind2=" ">
    <subfield code="2">ddc</subfield>
    <subfield code="c">BK</subfield>
    <subfield code="h">891.43</subfield>
    <subfield code="i">SIN/B</subfield>
    <subfield code="k">891.43</subfield>
    <subfield code="m">SIN/B</subfield>
  </datafield>
</record>
